01005nam a2200241 a 4500001001000000003000500010005001700015008004100032010001100073011001100084040000900095100003500104245022100139260004100360500006000401502009800461650001900559650002100578650002100599650003700620700003600657856007000693000115543CHAP20220329144539.0190604s2019 mx a sm |||||||spa d a112004 a112976 cCHAP1 aHipólito Martínez, Rafael.10aCultivo de maíz en el ciclo de otoño-invierno con cobertura de nescafé (Mucuna pruriens) en Raya Zaragoza y Puxcatán, Tabasco /h[En línea]cpor Rafael Hipólito Martínez y María Isabel León López. aChapingo, Méx. :bEl autor,c2019. aPara ver el contenido del material haga clic en la liga aTesis (Ing. Agr. Esp. en Zonas Tropicales) -- UACH. Unidad Regional Universitaria Sur-Sureste14aAbonos verdes.14aMaízxCultivo.14aMucuna pruriens.14aRastrojo como cobertura vegetal.1 aLeón López, María Isabel. aFinding aiduhttp://10.13.5.2/tesis/sist115543.pdfzTeclea aquí